Govt. of
Madhya Pradesh

Religion And Society (Record no. 3103)

MARC details
000 -LEADER
fixed length control field 004210000a22001690004500
003 - CONTROL NUMBER IDENTIFIER
control field MACL
005 - DATE AND TIME OF LATEST TRANSACTION
control field 20150704160149.0
008 - FIXED-LENGTH DATA ELEMENTS--GENERAL INFORMATION
fixed length control field 150704b xxu||||| |||| 00| 0 eng d
040 ## - CATALOGING SOURCE
Original cataloging agency MACL
Transcribing agency MACL
041 ## - LANGUAGE CODE
Language code of text/sound track or separate title English
100 ## - MAIN ENTRY--PERSONAL NAME
Personal name Radhakrishnan, S.
9 (RLIN) 673
245 ## - TITLE STATEMENT
Title Religion And Society
260 ## - PUBLICATION, DISTRIBUTION, ETC. (IMPRINT)
Name of publisher, distributor, etc. Harper Collins Publishers
Date of publication, distribution, etc. 1995
Place of publication, distribution, etc. New Delhi
350 ## - PRICE (NR) (BK AM CF MU VM SE) [OBSOLETE]
Price 95
650 ## - SUBJECT ADDED ENTRY--TOPICAL TERM
Topical term or geographic name as entry element Social Science
9 (RLIN) 29
942 ## - ADDED ENTRY ELEMENTS (KOHA)
Koha item type Books
Call number prefix 300
Source of classification or shelving scheme
Holdings
Withdrawn status Lost status Source of classification or shelving scheme Damaged status Not for loan Home library Current library Date acquired Cost, normal purchase price Total Checkouts Full call number Barcode Date last seen Uniform Resource Identifier Price effective from Koha item type
          MACL MACL 04/07/2015 95.00   300/RAD CRE008765 02/05/2024 3087 15/04/2015 Books